| 000 | 00650nam a2200181 i 4500 | ||
|---|---|---|---|
| 001 | 84613 | ||
| 003 | ES-MaACL | ||
| 005 | 20250531063030.0 | ||
| 007 | t| | ||
| 008 | 041123s1950 sp ||||1| spa d | ||
| 100 | 1 |
_aJiménez de Gregorio, Fernando, _d1911-2012 _966505 |
|
| 245 | 1 | 3 |
_aLa población en la Jara toledana / _cFernando Jiménez de Gregorio. |
| 260 |
_a[S.l. : _bs.n., _c1950] |
||
| 300 |
_a4 fasc., 26 lám. : _bil. ; _c25 cm. |
||
| 500 | _aEs separata de: Rev. Estudios Geográficos. Año XI, nº 39, pag. 201-250, mayo 1950 y Año XII, nº 44, p. 527-581. | ||
| 852 |
_aES-MaACL _jP-664 _bR.30821 |
||
| 999 |
_c84613 _d84613 |
||